<?xml version="1.0" encoding="UTF-8"?>
<collection xmlns="http://www.loc.gov/MARC21/slim">
<record>
  <controlfield tag="001">3306</controlfield>
  <controlfield tag="005">20180118170608.0</controlfield>
  <datafield tag="037" ind1=" " ind2=" ">
    <subfield code="a">CTALK-2017-0102</subfield>
  </datafield>
  <datafield tag="100" ind1=" " ind2=" ">
    <subfield code="a">Martínez Picar, Antonio</subfield>
  </datafield>
  <datafield tag="245" ind1=" " ind2=" ">
    <subfield code="a">Using a small phased array for meteor observations</subfield>
  </datafield>
  <datafield tag="260" ind1=" " ind2=" ">
    <subfield code="c">2017</subfield>
  </datafield>
  <datafield tag="269" ind1=" " ind2=" ">
    <subfield code="c">2017-09-22</subfield>
  </datafield>
  <datafield tag="520" ind1=" " ind2=" ">
    <subfield code="a">A prototype of a phased array of 8 elements is being built at the Humain Radio-Astronomy Station by the Royal Observatory of Belgium. The main goal of this instrument is monitoring the solar activity in the band of 20–80 MHz using Software De ned Radio receivers and employing beam- forming techniques to track the Sun. However, because the operation frequency of the BRAMS forward-scatter system lies within the frequency range of such an array, an appealing window of opportunity opens for meteor science as well. In this paper we explore the possibility of using the expected capabilities of the Small Phased Array Demonstrator to register radio meteor echoes.</subfield>
  </datafield>
  <datafield tag="536" ind1=" " ind2=" ">
    <subfield code="a">2BRAIN_SPADE/</subfield>
    <subfield code="c">2BRAIN_SPADE/</subfield>
    <subfield code="f">2BRAIN_SPADE</subfield>
  </datafield>
  <datafield tag="594" ind1=" " ind2=" ">
    <subfield code="a">NO</subfield>
  </datafield>
  <datafield tag="653" ind1="1" ind2=" ">
    <subfield code="a">meteors</subfield>
  </datafield>
  <datafield tag="653" ind1="1" ind2=" ">
    <subfield code="a">radio echo</subfield>
  </datafield>
  <datafield tag="653" ind1="1" ind2=" ">
    <subfield code="a">phase array</subfield>
  </datafield>
  <datafield tag="700" ind1=" " ind2=" ">
    <subfield code="a">Marqué, Christophe</subfield>
  </datafield>
  <datafield tag="773" ind1=" " ind2=" ">
    <subfield code="t">International Meteor Conference 2017 - Petnica, Serbia</subfield>
  </datafield>
  <datafield tag="856" ind1="0" ind2=" ">
    <subfield code="f">antonio.martinez@observatoire.be</subfield>
  </datafield>
  <datafield tag="856" ind1="4" ind2="2">
    <subfield code="a">http://imc2017.imo.net/</subfield>
  </datafield>
  <datafield tag="856" ind1="4" ind2=" ">
    <subfield code="s">7884234</subfield>
    <subfield code="u">http://publi2-as.oma.be/record/3306/files/IMC2017 martinez slides.pdf</subfield>
    <subfield code="y">Slides of IMC 2017 talk about SPADE and radio meteor observations</subfield>
  </datafield>
  <datafield tag="856" ind1="4" ind2=" ">
    <subfield code="s">7035</subfield>
    <subfield code="u">http://publi2-as.oma.be/record/3306/files/IMC2017 martinez slides.gif?subformat=icon</subfield>
    <subfield code="x">icon</subfield>
    <subfield code="y">Slides of IMC 2017 talk about SPADE and radio meteor observations</subfield>
  </datafield>
  <datafield tag="856" ind1="4" ind2=" ">
    <subfield code="s">9086</subfield>
    <subfield code="u">http://publi2-as.oma.be/record/3306/files/IMC2017 martinez slides.jpg?subformat=icon-180</subfield>
    <subfield code="x">icon-180</subfield>
    <subfield code="y">Slides of IMC 2017 talk about SPADE and radio meteor observations</subfield>
  </datafield>
  <datafield tag="906" ind1=" " ind2=" ">
    <subfield code="a">Contributed</subfield>
  </datafield>
  <datafield tag="980" ind1=" " ind2=" ">
    <subfield code="a">CTALKCONT</subfield>
  </datafield>
</record>
</collection>